000 00414nam a2200169 a 4500
001 3206
005 20140414132119.0
008 040227s19uu xx 00 eng d
020 _a
050 _aER
_bP96 1990
100 _aGoodall, John
245 _aPuss in boots /.
260 _aNew York :
_bMargaret K. McElderly Books,
_c1990.
650 _aFolk tales.
650 _aChildren stories.
999 _c115017
_d115017